000 01034nam a2200361 a 4500
001 00320156
003 OSt
005 20140310181806.0
008 920330s1990 ne ab b 00100 eng
020 _a0705409821
035 _aCUW000237194
049 _aul
050 _aD 220
_b.Eu89 1990
082 0 0 _aREF 940.2
_bEu7 1990
090 _aD220.E97
245 0 4 _aThe European emergence :
_bAD 1500-1600 /
_cby the editors of Time-Life Books.
260 0 _aAmsterdam :
_bTime-Life Books,
_cc1990.
300 _a176 p. :
_bcol. ill., col. maps ;
_c28 cm.
440 0 _aTime-Life history of the world.
504 _aBibliography: p. 170-171.
520 _a1. Sixteenth century. 2. Europe--History--1492-1648.
541 _j1
541 _j2
541 _j3
562 _e3
650 0 _aSixteenth century.
651 0 _aEurope
_xHistory
_y1492-1648.
710 2 _aTime-Life Books.
910 _aCKC:GS:920330
942 _2lcc
_cBK-GR
_kREF
949 _aul
_b000320156
_tmono
999 _c3790
_d3790